The Blackwell Companion to Religious Ethics : (Record no. 605715)

MARC details
000 -LEADER
fixed length control field 00487nam a2200181 a 4500
008 - FIXED-LENGTH DATA ELEMENTS--GENERAL INFORMATION
fixed length control field 251227s2008##################000#0#eng##
020 ## - INTERNATIONAL STANDARD BOOK NUMBER
ISBN 9781405177580
082 04 - DEWEY DECIMAL CLASSIFICATION NUMBER
Classification number 205
Item number SCH
100 1# - MAIN ENTRY--AUTHOR NAME
Personal name Schweiker, William,
245 10 - TITLE STATEMENT
Title The Blackwell Companion to Religious Ethics :
260 ## - PUBLICATION, DISTRIBUTION, ETC. (IMPRINT)
Name of publisher Wiley-Blackwell,
Year of publication 2008.
650 #0 - SUBJECT ADDED ENTRY--TOPICAL TERM
Topical Term Religion.
942 ## - ADDED ENTRY ELEMENTS (KOHA)
Koha item type English Books
Holdings
Withdrawn status Lost status Damaged status Not for loan Home library Current library Shelving location Date acquired Full call number Accession Number Price effective from Koha item type
        Anna Centenary Library Anna Centenary Library 3RD FLOOR, B WING 29.12.2025 205 SCH 134320 29.12.2025 English Books

Find us on the map